000 00287nam a2200121Ia 4500
008 190216s9999||||xx |||||||||||||| ||und||
100 _aVashishta A R
245 0 _aMechanics Ii Fully Solved
260 _bKrishna Prakasan Mandir
300 _a108
650 _aMathematics
942 _cBK
999 _c32054
_d32054